LEADER 01497nam--2200373---450- 001 990005938780203316 005 20140327141532.0 010 $a88-222-5300-0 035 $a000593878 035 $aUSA01000593878 035 $a(ALEPH)000593878USA01 035 $a000593878 100 $a20140321d2004----km-y0itay50------ba 101 0 $aita 102 $aIT 105 $aa---||||001yy 200 1 $aRappresentazioni di divinità e di devoti dall'area sacra urbana di Metaponto$ela coroplastica votiva dalla fine del VII all'inizio del V sec. a. C.$fValentina Barberis 210 $aFirenze$cOlschki$d2004 215 $a299 p., [31] carte di tav.$cill.$d24 cm 225 2 $aArcheologia$fFacoltà di lettere e filosofia, Fondo di studi Parini-Chirio, Università degli studi di Torino$v1 410 0$12001$aArcheologia$fFacoltà di lettere e filosofia, Fondo di studi Parini-Chirio, Università degli studi di Torino$v1 606 0 $aTerrecotte votive$yMetaponto $zSec. 7.-5. a. C.$2BNCF 676 $a738.309377 700 1$aBARBERIS,$bValentina$0162836 801 0$aIT$bsalbc$gISBD 912 $a990005938780203316 951 $aXI.4.B. 36$b244482 L.M.$cXI.4.B.$d00353495 959 $aBK 969 $aUMA 979 $aPASSARO$b90$c20140321$lUSA01$h1330 979 $aPASSARO$b90$c20140321$lUSA01$h1333 979 $aPASSARO$b90$c20140327$lUSA01$h1415 996 $aRappresentazioni di divinità e di devoti dall'area sacra urbana di Metaponto$9280519 997 $aUNISA LEADER 01150nam a22002531i 4500 001 991003507949707536 005 20040426133131.0 008 040802s1969 xxu|||||||||||||||||eng 035 $ab13084549-39ule_inst 035 $aARCHE-103715$9ExL 040 $aBiblioteca Interfacoltà$bita$cA.t.i. Arché s.c.r.l. Pandora Sicilia s.r.l. 082 04$a330.016 100 1 $aBlack, Robert Denis Collison$0119744 245 12$aA catalogue of pamphlets on economic subjects published between 1750 and 1900 and now housed in Irish libraries /$cby R. D. Collison Black 260 $aNew York :$bKelley,$c1969 300 $aIX, 632 p. ;$c30 cm 650 4$aPubblicazioni di Economia$y1750-1900$zIrlanda$vCataloghi 907 $a.b13084549$b02-04-14$c05-08-04 912 $a991003507949707536 945 $aLE002 SB 330 COL 945 $aLE002 Enc. Bibl. Dir. 4$g1$i2002000379382$lle002$nC. 1$o-$pE0.00$q-$rn$so $t0$u0$v0$w0$x0$y.i13715136$z05-08-04 996 $aCatalogue of pamphlets on economic subjects published between 1750 and 1900 and now housed in Irish libraries$9290310 997 $aUNISALENTO 998 $ale002$b05-08-04$cm$da $e-$feng$gxxu$h2$i1